000 00318nam a22001457a 4500
005 20160620140914.0
008 160620b xxu||||| |||| 00| 0 eng d
020 _a978-0-19-479911-9
041 _aeng
082 _b8552
245 _aAdvanced learners Dictionary
260 _bOxford
300 _a1796
942 _cBK
999 _c3279
_d3278